02206nam a2200253Ia 450000500170000000800410001704000440005804100080010208200140011010000380012424000220016224202050018424501800038926001150056930000750068450007630075950500950152250600220161752001530163954600220179265000480181465000430186265000470190520210202125534.0130821r1552 fr frd 1 latsd aCo-BoUCMbspacSandra YazodSandra Yazo0 alat04a291.22201 aMazzolini, Silvestrod1456?-1527? aSumma Silvestrina00aSumas Silvestrinas, merecidamente conocidas como Suma de Sumas.bParte primera.cPor el reverendo padre Silvestre de Prierio.pSumas Silvestrinas, devueltas a su claridad original, parte segunda.yspa10aSylvestrinae Summae, quae Summa Summarum meritò nuncupatur.bPars PrimacAb reuerendo patre Sylvestro Prierate ...pSylvestrinae Summae, nitori suo restitutae, Pars Secunda. aLugduni [Lyon] (Francia)bApud Haeredes Iacobi Iuntae [En los talleres de los herederos de Jacobo Junta]c1552 a2 tomos en 1 volumen ([4], 515, [1] ; 542, [3] páginas)c25 x 18 cm. aDetalles físicos: Encuadernación rígida en madera forrada en cuero, lomo con nervaduras sobre costuras. Tapas repujadas, conserva parte de los herrajes metálicos, raspaduras y desgaste. Conserva parcialmente las guardas, rotas. Portadas impresas en una sola tinta con la marca tipográfica de los editores y varias anotaciones manuscritas, algunas de ellas tachadas. Dedicatoria. Texto impreso en dos columnas con varios tipos y tamaños de letra, muy densas. Mayúsculas capitales. Al inicio de cada artículo sumarios, párrafos numerados. Signaturas y reclamos. Índice al final de cada parte. Papel con mancha de humedad notoria al final. Cortes de una de las obras pintados, marca de tinta en el corte vertical. Empieza a desencuadernarse 0 aV.1: ABBAS [Abad] – HUMILITAS [Humildad] -- V.2: IACTANTIA [Jactancia] – ZELUS [Celo]. aConsulta en sala. aEstudio, explicación y desarrollo de varios temas jurídicos, pertenecientes la a teología moral, al derecho civil y al derecho eclesiástico. aTexto en latín. 7aDerecho canónicoxObras anteriores a 1800 7aDerecho civilxObras anteriores a 1800 0a Teología moralxObras anteriores a 1800